Szczegóły MARC21

...so ists Symmetrie und Schönheit gewesen ... : zu Vorlagen und Struktur von Friedrich Schillers Schauspiel "Die Räuber" /

003 -Nazwa inst., której nr kontr. jest w polu 001 [,]
    • @
    • Nazwa instytucji, której n kontrolny jest w polu 001
    • NUKAT
005 -DATA I CZAS OSTATNIEJ MODYFIKACJI [,]
    • @
    • pole kontrolne
    • 20250315033008.0
020 -Międzynarod. znormalizowany nr książki - ISBN [ , ]
    • a
    • Numer ISBN
    • 9122017887 Find
040 -Instytucja sporządzająca opis [ , ]
    • a
    • Instytucja, która sporządziła opis (NP)
    • Ł U/db
    • c
    • Instytucja, która sporządziła rekord (NP)
    • Ł U/db
    • d
    • Instytucja, która zmodyfikowała rekord (P)
    • Ł U/MK
    • d
    • Instytucja, która zmodyfikowała rekord (P)
    • Ł U/TKs
041 -Język dokumentu [0, ]
    • a
    • Język tekstu (P)
    • niemiecki
    • b
    • Język streszczeń lub abstraktu (P)
    • angielski
942 -Rodzaj dokumentu [ , ]
    • c
    • Rodzaj dokumentu
    • Książka
100 -Hasło główne - nazwa osobowa [1, ]
    • a
    • Nazwa osobowa (NP)
    • Stransky-Stranka-Greifenfels, Werner von.
    • 9
    • KHW
    • 632482
245 -Strefa tytułu i oznaczenia odpowiedzialności [1,0]
    • a
    • Tytuł
    • ...so ists Symmetrie und Schönheit gewesen ... : Find
    • b
    • Ciąg dalszy tytułu (NP)
    • zu Vorlagen und Struktur von Friedrich Schillers Schauspiel "Die Räuber" / Find
    • c
    • Pozostałe elementy strefy tytułu i oznaczenia odpowiedzialności (NP)
    • Werner von Stransky-Stranka-Greifenfels.
260 -Strefa adresu wydawniczego [ , ]
    • a
    • Miejsce wydania (P)
    • Stockholm :
    • b
    • Nazwa wydawcy (P)
    • Almqvist & Wiksell International. ,
    • c
    • Data wydania (P)
    • 1998.
300 -Strefa opisu fizycznego [ , ]
    • a
    • Określenie formy książki i/lub objętość (NP)
    • VI, 430 s., [2] s. tabl. ;
    • c
    • Format (NP)
    • 25 cm.
336 -Typ zawartości [ , ]
    • a
    • Termin opisujący typ zawartości
    • Tekst
    • b
    • Kod określający zawartość
    • txt
    • 2
    • Źródło (terminu i kodu)
    • rdacontent
337 -Typ mediów [ , ]
    • a
    • Tryb odtwarzania
    • Bez urządzenia pośredniczącego
    • b
    • Kod typu mediów
    • n
    • 2
    • Źródło (terminu i kodu)
    • rdamedia
338 -Typ/rodzaj nośnika [ , ]
    • a
    • Hasło opisujące typ nośnika
    • Wolumin
    • b
    • Kod typu nośnika
    • nc
    • 2
    • Źródło (terminu i kodu)
    • rdacarrier
490 -Strefa serii i książki wielotomowej - forma nie do wyszukiwania [1, ]
    • a
    • Tytuł (P)
    • Acta Universitatis Stockholmiensis. Stockholmer Germanistische Forschungen, Find
    • x
    • ISSN (NP)
    • 0491-0893 ;
    • v
    • Numeracja (P)
    • 55
830 -Hasło dodatkowe serii i opisu książki wielotomowej - tytuł ujednolicony/tytuł [ ,0]
    • a
    • Tytuł ujednolicony/tytuł (NP)
    • Stockholmer Germanistische Forschungen
    • x
    • ISSN
    • 0491-0893
    • v
    • Oznaczenie tomu (NP)
    • 55
    • 9
    • KHW
    • 465137
502 -Uwaga dot. dysertacji [ , ]
    • a
    • Uwaga dot. dysertacji
    • Diss. Universität Stockholm, 1998.
504 -Uwaga dot. bibliogr. załącznikowej [ , ]
    • a
    • Uwaga dot. bibliografii załącznikowej
    • Bibliogr. s. 405-415.
546 -Uwaga dot. języka [ , ]
    • a
    • Uwaga dot. języka
    • Streszcz. ang.
080 -Uniwersalna Klasyfikacja Dziesiętna [ , ]
    • a
    • Symbol klasyfikacji
    • 830(091)-2"17"Schiller F.=30
080 -Uniwersalna Klasyfikacja Dziesiętna [ , ]
    • a
    • Symbol klasyfikacji
    • :82.03=30
600 -Hasło przedmiotowe w formie nazwy osobowej [1,7]
    • a
    • Nazwa osobowa
    • Schiller, Friedrich
    • d
    • Daty związane z nazwą
    • (1759-1805).
    • t
    • Tytuł
    • Räuber
    • 2
    • Źródło terminu
    • kaba
    • 9
    • KHW
    • 327432
980 -Symbol UKD [ , ]
    • a
    • UKD
    • 830(091)-2"17"Schiller F.:82.03]=30
920 -ISBN [ , ]
    • a
    • ISBN
    • 91-22-01788-7 Find
Data inwentaryzacji Status udost. Sygnatura Lokalizacja Numer inwentarzowy
2002-02-26-3Germ. Literaturozn.-Schiller 19BMG.16024